| 000 | 00571nam a22001817a 4500 | ||
|---|---|---|---|
| 999 |
_c163180 _d163180 |
||
| 005 | 20190401122531.0 | ||
| 010 | _aENG-124966 | ||
| 020 |
_a9789383046164 _c695.00 |
||
| 035 | _aEN-108498 | ||
| 037 | _bDBAD/PUB | ||
| 082 | _a428.00705125 | ||
| 100 | _aSingh, Shweta | ||
| 245 |
_aLearning language art through literature / _cby Shweta Singh |
||
| 260 |
_bDPS Publishing House _c2017 _aNew Delhi |
||
| 270 |
_a4598/12B, Gola Cottage, Ansari Road, Daryaganj, _bNew Delhi _e110002 |
||
| 300 |
_a211p. _c21cm(Hb) |
||
| 942 |
_2ddc _cEN _h428.00705125 _mSIN |
||